Geometric aspects of functional analysis : Israel seminar 2004-2005 : GAFA 2004-2005

Αποθηκεύτηκε σε:
Λεπτομέρειες βιβλιογραφικής εγγραφής
Συγγραφή απο Οργανισμό/Αρχή: Israel Seminar on Geometrical Aspects of Functional Analysis
Άλλοι συγγραφείς: Milman, Vitali D., 1939- (Επιμελητής έκδοσης), Schechtman, Gideon, 1947- (Επιμελητής έκδοσης)
Μορφή: Πρακτικό Συνεδρίου Βιβλίο
Γλώσσα:English
Δημοσίευση: Berlin : Springer, 2007.
Σειρά:Lecture notes in mathematics (Springer-Verlag)
Θέματα:
Ετικέτες: Προσθήκη ετικέτας
Δεν υπάρχουν, Καταχωρήστε ετικέτα πρώτοι!

MARC

LEADER 00000cam a2200000 i 4500
001 1/102242
008 090306s2007 gw ||| eng||
020 |a 3540720529 
020 |a 9783540720522 
035 |l 10103582 
040 |a GR-MyUa  |b gre  |c GR-MyUa  |e AACR2 
041 0 |a eng 
082 0 |a 515.732  |2 (22) 
111 2 |a Israel Seminar on Geometrical Aspects of Functional Analysis   |d (2004-2005) 
245 1 0 |a Geometric aspects of functional analysis :   |b Israel seminar 2004-2005 : GAFA 2004-2005 /   |c edited by V.D. Milman, G. Schechtman.  
260 |a Berlin :   |b Springer,   |c 2007.  
300 |a viii, 328 σ. ;   |c 24 εκ. 
490 1 |a (Lecture notes in mathematics -Springer-Verlag) 
504 |a Περιλαμβάνει βιβλιογραφικές αναφορές.  
650 0 0 |a Banach spaces  |x Congresses. 
650 0 0 |a Functional analysis  |x Congresses. 
650 0 0 |a Geometry  |x Congresses. 
700 1 |a Milman, Vitali D.,   |d 1939-  |e edt 
700 1 |a Schechtman, Gideon,   |d 1947-  |e edt 
830 0 |a Lecture notes in mathematics (Springer-Verlag) 
852 |a INST  |b SAMOS  |e 20090306  |h 515.732 ISR  |p 005300029210  |q 005300029210  |t BK  |y 0 
901 |a BIBL3-2009-1 
909 |a Σ  |b 155759 
922 |a 3ΕΛΗ  |b 200808  |c ΕΠΕΑΕΚ2/ΤΜΗΜΑ ΜΑΘΗΜΑΤΙΚΩΝ-ΠΡΟΠΤΥΧΙΑΚΟ  |d ΜΙΧΑΛΟΠΟΥΛΟΣ 
970 |a ΡΟΥΣΣΟΥ  |b ΚΩΝΣΤΑΝΤΙΝΑ  |z 2009/03/06